[Event "South America-ch U20 19th"]
[White "Zubieta Echalar, Eduardo"]
[Black "Yucra Valdes, Diego Alonso"]
[Site "Santa Cruz de la Sierra"]
[Round "9"]
[Result "1-0"]
[Date "2024.09.02"]
[WhiteElo "1770"]
[BlackElo "1848"]
[PlyCount "51"]
[EventDate "2024.08.28"]
[EventType "swiss"]
[EventRounds "9"]
[EventCountry "BOL"]
[SourceTitle "EXT 2025"]
[Source "ChessBase"]
[SourceDate "2024.10.14"]
[SourceVersion "1"]
[SourceVersionDate "2024.10.14"]
[SourceQuality "1"]

1. e4 e6 2. d4 d5 3. Nd2 h6 4. c3 Nf6 5. e5 Nfd7 6. f4 c5 7. Ndf3 Nc6 8. Bd3 a5 9. Kf2 Be7 10. g3 Qb6 11. Ne2 cxd4 12. cxd4 g5 13. Bb1 gxf4 14. gxf4 f5 15. Nc3 Nf8 16. a3 Ng6 17. b4 0-0 18. Be3 Qd8 19. Rg1 Kh7 20. Ra2 Rg8 21. Kf1 Bd7 22. Rag2 Rc8 23. h4 Qc7 24. Bxf5 exf5 25. Nxd5 Qb8 26. b5 1-0

[Event "South America-ch U20 19th"]
[White "Caceres Benitez, Fernando Israel"]
[Black "Zubieta Echalar, Eduardo"]
[Site "Santa Cruz de la Sierra"]
[Round "4"]
[Result "1-0"]
[Date "2024.08.30"]
[WhiteElo "1821"]
[BlackElo "1770"]
[PlyCount "71"]
[EventDate "2024.08.28"]
[EventType "swiss"]
[EventRounds "9"]
[EventCountry "BOL"]
[SourceTitle "EXT 2025"]
[Source "ChessBase"]
[SourceDate "2024.10.14"]
[SourceVersion "1"]
[SourceVersionDate "2024.10.14"]
[SourceQuality "1"]

1. e4 c5 2. Nf3 d6 3. d4 cxd4 4. Nxd4 Nf6 5. Nc3 a6 6. f3 e5 7. Nb3 Be6 8. Be3 Be7 9. Qd2 0-0 10. 0-0-0 Nbd7 11. g4 b5 12. g5 b4 13. Ne2 Ne8 14. f4 a5 15. f5 a4 16. fxe6 axb3 17. cxb3 fxe6 18. Bh3 Nc7 19. Kb1 d5 20. exd5 exd5 21. Bg2 Ra5 22. a4 d4 23. h4 Nb6 24. Bg1 Qd7 25. Qc2 Ncd5 26. Be4 Rfa8 27. Nc1 Kh8 28. Bf5 Qb7 29. Qe2 Nxa4 30. Qh5 Ndc3+ 31. Kc2 g6 32. Bxg6 Bf8 33. Rf1 Qg7 34. Bf5 Rc5 35. Nd3 e4 36. Bxe4 1-0

[Event "Santa Cruz op 8th"]
[White "Zubieta Echalar, Eduardo"]
[Black "Kababat Mejia, Raul Ignacio"]
[Site "Santa Cruz"]
[Round "3"]
[Result "1-0"]
[Date "2024.01.12"]
[WhiteElo "1493"]
[BlackElo "1215"]
[PlyCount "64"]
[EventDate "2024.01.11"]
[EventType "swiss"]
[EventRounds "7"]
[EventCountry "BOL"]
[SourceTitle "CBM 218 Extra"]
[Source "ChessBase"]
[SourceDate "2024.03.31"]
[SourceVersion "1"]
[SourceVersionDate "2024.03.31"]
[SourceQuality "1"]

1. e4 e5 2. Nf3 Nc6 3. d4 exd4 4. Nxd4 Qf6 5. Be3 Bc5 6. c3 Nge7 7. g3 d5 8. Bg2 dxe4 9. 0-0 0-0 10. Bxe4 Rd8 11. Qh5 Bxd4 12. Qxh7+ Kf8 13. cxd4 Nxd4 14. Bxd4 Qxd4 15. Nc3 Be6 16. Rad1 Qe5 17. Qh4 c6 18. Bg2 f6 19. Rc1 Qd6 20. Ne4 Qb4 21. Ng5 Qxh4 22. Nxe6+ Kg8 23. gxh4 Rd7 24. Nc5 Rc7 25. Ne6 Rd7 26. Rcd1 Nd5 27. Nf4 Rad8 28. Bxd5+ cxd5 29. Rd4 Kf7 30. Rfd1 g5 31. hxg5 fxg5 32. Nxd5 Rxd5 1-0

[Event "Pan American-ch School U17 12th"]
[White "Zubieta Echalar, Eduardo"]
[Black "Reyes Zavaleta, Fabian Ricardo"]
[Site "Callao"]
[Round "1"]
[Result "0-1"]
[Date "2023.10.16"]
[WhiteElo "1545"]
[BlackElo "2125"]
[PlyCount "78"]
[EventDate "2023.10.16"]
[EventType "swiss"]
[EventRounds "9"]
[EventCountry "PER"]
[SourceTitle "CBM 217 Extra"]
[Source "ChessBase"]
[SourceDate "2024.01.31"]
[SourceVersion "1"]
[SourceVersionDate "2024.01.31"]
[SourceQuality "1"]

1. e4 c5 2. Nf3 d6 3. d4 cxd4 4. Nxd4 Nf6 5. Nc3 e6 6. g4 h6 7. Bg2 Nc6 8. h3 Nxd4 9. Qxd4 e5 10. Qd3 Be6 11. Be3 a6 12. f4 Rc8 13. Nd5 Bxd5 14. exd5 exf4 15. Bxf4 Be7 16. 0-0-0 0-0 17. Bf3 Nd7 18. h4 Nc5 19. Qd2 Bxh4 20. Kb1 Na4 21. Qb4 Nc5 22. Rxh4 Qxh4 23. Bxd6 Qf2 24. Bxf8 Qxf3 25. Qd4 Kxf8 26. d6 Qc6 27. a3 Rd8 28. g5 Ne6 29. Qe5 Qc5 30. Rd5 Qg1+ 31. Ka2 Qxg5 32. Qe4 Qg6 33. Qb4 b5 34. d7+ Kg8 35. Qc3 Qe4 36. Rd6 Qc4+ 37. Qxc4 bxc4 38. b4 cxb3+ 39. cxb3 Nc7 0-1

[Event "Cochabamba GP op 4th"]
[White "Ferrufino, Boris"]
[Black "Zubieta Echalar, Eduardo"]
[Site "Cochabamba"]
[Round "4"]
[Result "1-0"]
[Date "2023.09.08"]
[WhiteElo "1868"]
[BlackElo "1577"]
[PlyCount "105"]
[EventDate "2023.09.07"]
[EventType "swiss"]
[EventRounds "7"]
[EventCountry "BOL"]
[SourceTitle "CBM 216 Extra"]
[Source "ChessBase"]
[SourceDate "2023.11.30"]
[SourceVersion "1"]
[SourceVersionDate "2023.11.30"]
[SourceQuality "1"]

1. d4 Nf6 2. Nf3 g6 3. Nbd2 d5 4. e3 Bg7 5. c4 c6 6. b3 0-0 7. Bb2 b6 8. Bd3 Bb7 9. 0-0 e6 10. Ne5 Nfd7 11. f4 f6 12. Nef3 c5 13. e4 cxd4 14. Nxd4 Re8 15. exd5 exd5 16. f5 Nc5 17. Be2 Nc6 18. N2f3 Nxd4 19. Nxd4 Qe7 20. Qc2 Qe3+ 21. Kh1 Ne4 22. Bf3 Nd2 23. Bc1 Qxd4 24. Bxd2 g5 25. Rad1 Qc5 26. Bc3 Rad8 27. Qd2 Rd7 28. Bb4 Qc8 29. Bxd5+ Bxd5 30. cxd5 Qb7 31. Rfe1 Red8 32. d6 a5 33. Ba3 Qc6 34. Qe3 b5 35. Qe6+ Kh8 36. Rc1 Qb7 37. Bc5 h5 38. b4 a4 39. Qe2 g4 40. Rcd1 Bh6 41. Rd4 Bf8 42. h3 gxh3 43. Qf3 hxg2+ 44. Qxg2 Qxg2+ 45. Kxg2 Kg8 46. Re6 Kf7 47. Kf3 Re8 48. Rxe8 Kxe8 49. Re4+ Kf7 50. Re6 Bh6 51. Ke4 h4 52. Bf2 Bf8 53. Kd5 1-0

[Event "La Paz op"]
[White "Zubieta Echalar, Eduardo"]
[Black "Veliz Quispe, Cindy Rocio"]
[Site "La Paz"]
[Round "2"]
[Result "1-0"]
[Date "2022.09.15"]
[WhiteElo "1429"]
[BlackElo "1145"]
[PlyCount "105"]
[EventDate "2022.09.15"]
[EventType "swiss"]
[EventRounds "7"]
[EventCountry "BOL"]
[SourceTitle "EXT 2023"]
[Source "ChessBase"]
[SourceDate "2022.10.05"]
[SourceVersion "1"]
[SourceVersionDate "2022.10.05"]
[SourceQuality "1"]

1. e4 e5 2. Nf3 Nc6 3. d4 d6 4. Bc4 h6 5. dxe5 dxe5 6. Qxd8+ Kxd8 7. Bxf7 Nf6 8. Nc3 Bb4 9. Bd2 Bg4 10. Bg6 Bh5 11. Bxh5 Nxh5 12. 0-0-0 Bd6 13. Nb5 Nf6 14. Rhe1 a6 15. Nxd6 cxd6 16. Bc3 Kc7 17. Nh4 Ne7 18. Rd3 Rad8 19. Nf3 Nc6 20. Nh4 b6 21. Nf5 g6 22. Ne3 Nxe4 23. Nd5+ Kb7 24. Rxe4 Rhf8 25. f3 Rf7 26. Re2 Rff8 27. Red2 Rf7 28. Nb4 Rfd7 29. Nxc6 Kxc6 30. Kd1 Kc7 31. Rd5 Re8 32. Bb4 Re6 33. c4 a5 34. Bc3 Ree7 35. Kc2 Re8 36. Kb3 Kc6 37. Ka4 Re6 38. Bxe5 Rxe5 39. Rxe5 dxe5 40. Rxd7 Kxd7 41. Kb5 Kc7 42. c5 bxc5 43. Kxc5 Kd7 44. Kd5 Ke7 45. Kxe5 h5 46. b3 Kf7 47. a3 Ke7 48. b4 axb4 49. axb4 Kd7 50. Kf6 Ke8 51. Kxg6 Ke7 52. Kxh5 Kf7 53. b5 1-0

[Event "Pan American-ch U20"]
[White "Titichoca Daza, Daniel Henry"]
[Black "Zubieta Echalar, Eduardo"]
[Site "Cochabamba"]
[Round "1"]
[Result "1-0"]
[Date "2019.08.01"]
[WhiteElo "2143"]
[BlackElo "1329"]
[PlyCount "23"]
[EventDate "2019.08.01"]
[EventType "swiss"]
[EventRounds "9"]
[EventCountry "BOL"]
[SourceTitle "EXT 2020"]
[Source "ChessBase"]
[SourceDate "2019.10.17"]
[SourceVersion "1"]
[SourceVersionDate "2019.10.17"]
[SourceQuality "1"]

1. e4 d5 2. exd5 Nf6 3. d4 Nxd5 4. Nf3 Bf5 5. a3 e6 6. c4 Nf6 7. Nc3 Bd6 8. Be2 0-0 9. Nh4 Re8 10. Nxf5 exf5 11. 0-0 h6 12. h3 1-0